000 00739nam a2200217 a 4500
001 13832
003 BD-RjUL
005 20211208235524.0
008 140202s1965 nyua b 001 0 eng d
035 _a(BD-RjUL)13884
040 _aDLC
_cODaWU
_dBD-RjUL
_beng
041 _aeng
082 0 0 _a621.55
_bATV 1965
_223
100 1 _aAtta, C. M. Van
_943252
245 1 0 _aVacuum science and engineering :
_bProperties of gases at low pressure, vacuum measurements, design and operating features of vacuum pumps and systems /
_cC.M. Van Atta
260 _aNew York :
_bMcGraw-Hill,
_cc1965.
300 _axiv, 459 p. :
_bill. ;
_c23 cm.
504 _aIncludes bibliographies and index.
650 0 _aVacuum technology.
_943253
942 _2ddc
_cBK
999 _c13832
_d13832